Management science/operations research : model formulation and solution methods

Bibliographic Details
Main Authors: Buffa, Elwood Spencer , 1923- (Author), Dyer, James S. (Author)
Format: Book
Edition:2nd ed.
Subjects:

MARC

LEADER 00000cam a2200000 7i4500
001 0000003804
005 20161106093000.0
008 021118n
020 |a 0471058513 
090 0 0 |a T57.6   |b .B83 1981 
100 0 |a Buffa, Elwood Spencer ,   |d 1923- ,   |e author 
245 0 0 |a Management science/operations research :   |b model formulation and solution methods   |c Elwood S. Buffa, James S. Dyer 
250 |a 2nd ed. 
300 |a xi, 718 p. ; ;   |c 23 cm. 
504 |a Includes index 
650 0 |a Management 
650 0 |a Operations research 
700 0 |a Dyer, James S. ,   |e author 
999 |a 1000037602   |b Book   |c OPEN SHELF (30 DAYS)   |e Gong Badak Campus